000 01115nam a2200301 c 4500
003 BLK
005 20180420214928.0
008 180412b bul|||||r ||||||| ||bul||
010 _aKNG00015914000
020 _a954-8121-81-6
_bиздат.: Лит. форум
040 _aBLK
041 _aBUL
_cBUL
080 _aБългарска литература
_b821.163.2
_x-4
_z821.163.2-4
100 1 _aСугарев, Рашко Михайлов
_eпърви автор
_9255122
139 _aСугарев, Рашко Михайлов
_bС 89
245 1 0 _aСвободен до неправдоподобност
_bСтатии, есета, миниатюри, наброски
_cРашко Михайлов Сугарев.
257 _aBGR
260 София
_bЛит. форум
_c1996
300 _a187 с.
_c20 см
380 _aX
490 1 _aБългарска сбирка
500 _a1 000 тир.
852 _aЦб 190705
856 4 _qpdf
_u
856 4 _qpdf
_u
942 _cKNG
_n0
944 _aCR
_c15.01.2003
_kТеодора_Стоянова
944 _aED
_c23.02.2018
_kТеодора_Стоянова
999 _c14214
_d14214